Evolution : (Record no. 12620)

000 -LEADER
fixed length control field 00635cam a2200181 a 4500
020 ## - INTERNATIONAL STANDARD BOOK NUMBER
ISBN 0899080782 (lib. bdg.)
040 ## - CATALOGING SOURCE
Transcribing agency DLC
082 00 - DEWEY DECIMAL CLASSIFICATION NUMBER
Classification number 575 GRE 1990 A035 Or.
100 1# - MAIN ENTRY--AUTHOR NAME
Personal name Bailey, Marilyn.
245 10 - TITLE STATEMENT
Title Evolution :
Remainder of title opposing viewpoints /
260 ## - PUBLICATION, DISTRIBUTION, ETC. (IMPRINT)
Place of publication San Diego, Calif. :
Name of publisher Greenhaven Press,
Year of publication c1990.
300 ## - PHYSICAL DESCRIPTION
Number of Pages 112 p. :
Other physical details ill. ;
Dimensions 24 cm.
490 1# - SERIES STATEMENT
Series statement Great mysteries
520 ## - SUMMARY, ETC.
Summary, etc Presents differing views of experts on the origins of earth and its creatures. Explores the Bible story, Darwinian theories, fossils, and carbon-dating techniques.
650 #0 - SUBJECT ADDED ENTRY--TOPICAL TERM
Topical Term Evolution (Biology)
650 #1 - SUBJECT ADDED ENTRY--TOPICAL TERM
Topical Term Evolution.
942 ## - ADDED ENTRY ELEMENTS (KOHA)
Koha item type សៀវភៅភាសាអង់គ្លេស
952 ## - LOCATION AND ITEM INFORMATION (KOHA)
Withdrawn status [LOCAL, KOHA] 0
Holdings
Permanent Location Date acquired Koha item type Lost status Shelving location Barcode Current Location Full call number
Library Block A2017-08-15សៀវភៅភាសាអង់គ្លេស A035A16887Library Block A575 GRE 1990 A035 Or.
មជ្ឈមណ្ឌលឯការនៃសាកលវិទ្យាល័យភូមិន្ទកសិកម្មចំការដូង

Powered by Koha